Music Quiz

Random Music or Clip Quiz

50 Song Music Clip Quiz 44 Stats

Quiz not verified by Sporcle

Challenge
Share
Tweet
Score 0/50 Timer 15:00
1 Play Today
Time Song Title % Correct
3:33Gangsta's Paradise
88.1%
0:08Survivor
84.1%
4:07Push It
83%
2:07Teenage Dream
80.7%
0:17A Horse With No Name
78%
3:50Stan
75.4%
3:40Thank You
68%
1:22Girlfriend
66%
0:59Good Time
63.5%
6:28Burn
60.9%
2:17Rock Lobster
58.2%
1:37Low Rider
57.4%
2:50Lovin' You
56.2%
3:59Werewolves Of London
54.1%
6:03Ready To Go
50.7%
0:40Because You Loved Me
46.7%
2:43Misery Business
46.1%
1:14The Rose
45.5%
6:19Higher Ground
43.3%
4:26Stressed Out
43.1%
2:34(Love Is Like A) Heat Wave
41.8%
4:45Reach
38.7%
7:02New Kid In Town
36%
2:57Skinny Love
34.2%
1:29Vienna
32.8%
Time Song Title % Correct
2:25Hangin' Tough
30.7%
5:19In-A-Gadda-Da-Vida
29.8%
4:16Long Cool Woman In A Black Dress
28.7%
0:24Turn Me Loose
26%
5:02Reet Petite
24.9%
1:47Foolish Games
23.5%
5:46The Only Way Is Up
23.3%
0:32Needles And Pins
20.3%
5:12Every You Every Me
16.8%
3:17No Milk Today
16.3%
5:27Dreamer
16%
4:53Jackie Wilson Said
14.4%
6:11Closer To The Edge
14.3%
5:37Underdog
13.6%
0:49Because I Love You (The Postman Song)
12.5%
0:00Start!
12.4%
1:07The Last Waltz
12.2%
4:35Heart
9.1%
5:53Kicks
8.4%
6:53Big Mistake
7.1%
3:06Jeans On
6.8%
1:57Foolish Beat
6.4%
3:24Run To Paradise
6.2%
6:45Sometime Around Midnight
5.4%
6:36Hello Stranger
3.8%

You're not logged in!

Compare scores with friends on all Sporcle quizzes.
Sign Up with Email
OR
Log In

You Might Also Like...

Show Comments

Extras

Top Quizzes Today


Score Distribution

Your Account Isn't Verified!

In order to create a playlist on Sporcle, you need to verify the email address you used during registration. Go to your Sporcle Settings to finish the process.